Einleitung: „Moderne" Anstaltspsychiatrie im 19. und 20. Jahrhundert

Saved in:
Bibliographic Details
Main Authors: Nolte, Karen (Author) , Fangerau, Heiner (Author)
Format: Chapter/Article Editorial
Language:German
Published: 2006
In: "Moderne" Anstaltspsychiatrie im 19. und 20. Jahrhundert - Legitimation und Kritik
Year: 2006, Pages: 7-22
Online Access: Get full text
Author Notes:Karen Nolte

MARC

LEADER 00000caa a22000002c 4500
001 1757572937
003 DE-627
005 20220819201821.0
007 tu
008 210510s2006 xx ||||| 00| ||ger c
035 |a (DE-627)1757572937 
035 |a (DE-599)KXP1757572937 
035 |a (OCoLC)1341408855 
040 |a DE-627  |b ger  |c DE-627  |e rda 
041 |a ger 
084 |a 33  |2 sdnb 
100 1 |a Nolte, Karen  |d 1967-  |e VerfasserIn  |0 (DE-588)128444142  |0 (DE-627)372674542  |0 (DE-576)187144753  |4 aut 
245 1 0 |a Einleitung  |b „Moderne" Anstaltspsychiatrie im 19. und 20. Jahrhundert  |c Karen Nolte 
246 3 3 |a "Moderne" Anstaltspsychiatrie im 19. und 20. Jahrhundert 
264 1 |c 2006 
300 |a 16 
336 |a Text  |b txt  |2 rdacontent 
337 |a ohne Hilfsmittel zu benutzen  |b n  |2 rdamedia 
338 |a Band  |b nc  |2 rdacarrier 
700 1 |a Fangerau, Heiner  |d 1972-  |e VerfasserIn  |0 (DE-588)122588002  |0 (DE-627)08203446X  |0 (DE-576)183907698  |4 aut 
773 0 8 |i Enthalten in  |t "Moderne" Anstaltspsychiatrie im 19. und 20. Jahrhundert - Legitimation und Kritik  |d Stuttgart : Steiner, 2006  |g (2006), Seite 7-22  |h 416 S.  |w (DE-627)519091124  |w (DE-576)257557148  |z 3515088059  |z 9783515088053  |7 nnam  |a Einleitung „Moderne" Anstaltspsychiatrie im 19. und 20. Jahrhundert 
773 1 8 |g year:2006  |g pages:7-22  |g extent:16  |a Einleitung „Moderne" Anstaltspsychiatrie im 19. und 20. Jahrhundert 
951 |a AR 
992 |a 20210510 
993 |a Editorial 
994 |a 2006 
998 |g 128444142  |a Nolte, Karen  |m 128444142:Nolte, Karen  |d 910000  |d 950000  |d 950950  |e 910000PN128444142  |e 950000PN128444142  |e 950950PN128444142  |k 0/910000/  |k 1/910000/950000/  |k 2/910000/950000/950950/  |p 1  |x j 
999 |a KXP-PPN1757572937  |e 3927197181 
BIB |a Y 
JSO |a {"relHost":[{"title":[{"title":"\"Moderne\" Anstaltspsychiatrie im 19. und 20. Jahrhundert - Legitimation und Kritik","title_sort":"\"Moderne\" Anstaltspsychiatrie im 19. und 20. Jahrhundert - Legitimation und Kritik","subtitle":"[... Ergebnisse der Tagung \"Moderne Anstaltspsychiatrie im 19. und 20. Jahrhundert - Legitimation und Kritik\", Herbst 2004, Göttingen]"}],"name":{"displayForm":["von Heiner Fangerau; Karen Nolte (Hrsg.)"]},"disp":"Einleitung „Moderne\" Anstaltspsychiatrie im 19. und 20. Jahrhundert\"Moderne\" Anstaltspsychiatrie im 19. und 20. Jahrhundert - Legitimation und Kritik","person":[{"display":"Fangerau, Heiner","role":"edt","given":"Heiner","family":"Fangerau"},{"family":"Nolte","given":"Karen","display":"Nolte, Karen","role":"edt"}],"note":["Literaturangaben. - Zsfassungen in engl. Sprache"],"language":["ger","eng"],"recId":"519091124","relMultPart":[{"id":{"eki":["170869431"],"zdb":["1119222-7"],"issn":["0941-5033"]},"dispAlt":"Medizin, Gesellschaft und Geschichte / Beiheft","disp":"Medizin, Gesellschaft und Geschichte","type":{"bibl":"serial"},"language":["ger"],"recId":"170869431","origin":[{"dateIssuedDisp":"1992-","publisherPlace":"Stuttgart","publisher":"Steiner","dateIssuedKey":"1992"}],"corporate":[{"display":"Institut für Geschichte der Medizin","role":"isb"}],"part":{"number":["26"],"number_sort":["26"]},"title":[{"title_sort":"Medizin, Gesellschaft und Geschichte","partname":"Beiheft","title":"Medizin, Gesellschaft und Geschichte","subtitle":"(MedGG) ; Jahrbuch des Instituts für Geschichte der Medizin der Robert-Bosch-Stiftung"}],"pubHistory":["1.1992 -"],"titleAlt":[{"title":"Medizin, Gesellschaft und Geschichte / Beiheft"},{"title":"MedGG"},{"title":"MedGG-Beihefte"},{"title":"MedGG-Beiheft"},{"title":"Beihefte"}]}],"physDesc":[{"noteFormat":"24 cm","extent":"416 S.","noteIll":"Ill., graph. Darst."}],"part":{"text":"(2006), Seite 7-22","year":"2006","extent":"16","pages":"7-22"},"id":{"eki":["519091124"],"isbn":["3515088059","9783515088053"]},"corporate":[{"role":"oth","display":"Tagung Moderne Anstaltspsychiatrie im 19. und 20. Jahrhundert - Legitimation und Kritik (2004, Göttingen)"}],"type":{"bibl":"edited-book"},"origin":[{"dateIssuedKey":"2006","dateIssuedDisp":"2006","publisherPlace":"Stuttgart","publisher":"Steiner"}]}],"physDesc":[{"extent":"16 S."}],"origin":[{"dateIssuedDisp":"2006","dateIssuedKey":"2006"}],"type":{"bibl":"chapter"},"id":{"eki":["1757572937"]},"title":[{"subtitle":"„Moderne\" Anstaltspsychiatrie im 19. und 20. Jahrhundert","title":"Einleitung","title_sort":"Einleitung"}],"titleAlt":[{"title":"\"Moderne\" Anstaltspsychiatrie im 19. und 20. Jahrhundert"}],"recId":"1757572937","language":["ger"],"person":[{"family":"Nolte","given":"Karen","display":"Nolte, Karen","role":"aut"},{"family":"Fangerau","given":"Heiner","display":"Fangerau, Heiner","role":"aut"}],"name":{"displayForm":["Karen Nolte"]}} 
SRT |a NOLTEKARENEINLEITUNG2006